Practica tu Español (B2) <el> léxico de los negocios

Na minha lista:
Detalhes bibliográficos
Autor principal: Domínguez, Ainhoa Larrañaga
Outros Autores: Hernández, Margarita Arroyo
Formato: Livro
Idioma:espanhol
Publicado em: Madrid SGEL 2011
Edição:tercera edición
Colecção:Español Lengua Extranjera
Assuntos:
Tags: Adicionar Tag
Sem tags, seja o primeiro a adicionar uma tag!

MARC

LEADER 00000nam a2200000 4500
001 0242795
005 20240226134248.7
020 |a 978-84-9778-159-7 
020 |a 978-84-9778-159-6 
020 |a 84-9778-159-7 
041 0 |a spa 
044 |a ES 
245 1 0 |a Practica tu Español (B2)  |b <el> léxico de los negocios  |c autoras: Ainhoa Larrañaga Domínguez, Margarita Arroyo Hernández 
250 |a tercera edición 
264 1 |a Madrid  |b SGEL  |c 2011 
300 |a 95 s. 
490 1 |a Español Lengua Extranjera 
830 0 |a Español Lengua Extranjera 
610 2 0 |a jazykoveda 
610 2 0 |a terminológia 
610 2 0 |a jazyky cudzie 
610 2 0 |a španielčina 
100 1 |a Domínguez, Ainhoa Larrañaga 
700 1 |a Hernández, Margarita Arroyo